000 00698nam a2200277Ia 4500
003 OSt
005 20220912151452.0
006 a|||||r|||| 00| 0
007 ta
008 220909b |||||||| |||| 00| 0 eng d
024 _a47411
037 _cTextual
040 _aCSL
_beng
_cCSL
041 _aeng
082 _aH411, L6
100 _aBullard F M
245 0 _aVolcanoes of the earth
260 _aAustin
_bUniversity of Texas Press
_c1976
300 _a579p.
_ccm.
490 _aDan danciger publication series
650 _a Dynamic geology
650 _a Volcano
650 _aGeology
942 _hH411, L6
_cTEXL
_2CC
999 _c69240
_d69240